000 00770cam a22002653a 4500
001 25551
003 PGUSA
005 20140828083541.0
008 080521s2008||||xxu|||||s|||||000 1 eng d
040 _aPGUSA
_beng
042 _adc
050 4 _aPZ
100 1 _aIrving, Fannie Belle
245 1 0 _aSix Girls :
_bA Home Story
_h[electronic resource] /
_cFannie Belle Irving
260 _bProject Gutenberg,
_c2008
506 _aPublic domain in the USA.
516 _aElectronic text
653 _aFamily life -- Juvenile fiction
653 _aSisters -- Juvenile fiction
653 _aGirls -- Juvenile fiction
700 1 _aMerrill, Frank T.,
_d1848-
830 0 _aProject Gutenberg
_v25551
856 4 0 _uhttp://www.gutenberg.org/ebooks/25551
942 _cEB
999 _c254806
_d254806